Účtovná závierka podnikateľov účtujúcich v podvojnom účtovníctve pre rok 2016

Účtovná závierka je výsledný dokument účtovnej jednotky , ktorý sa zostavuje pre účely ÚJ a tiež pre externých používateľov. Práve externí používatelia majú možnosť prostredníctvom zverejnenej účtovnej závierky získať požadované informácie o účtovnej jednotke. Hlavným cieľom účtovnej závierky je zis...

Descripción completa

Guardado en:
Detalles Bibliográficos
Autor principal: Novotná, Ľudmila
Formato: Capítulo de libro
Lenguaje:eslovaco
Materias:
Etiquetas: Agregar Etiqueta
Sin Etiquetas, Sea el primero en etiquetar este registro!

MARC

LEADER 00000naa a2200000 4500
001 0225770
005 20231208091607.1
041 0 |a slo 
044 |a SK 
245 1 0 |a Účtovná závierka podnikateľov účtujúcich v podvojnom účtovníctve pre rok 2016  |c Ľudmila Novotná 
520 |a Účtovná závierka je výsledný dokument účtovnej jednotky , ktorý sa zostavuje pre účely ÚJ a tiež pre externých používateľov. Práve externí používatelia majú možnosť prostredníctvom zverejnenej účtovnej závierky získať požadované informácie o účtovnej jednotke. Hlavným cieľom účtovnej závierky je zistiť výsledok hospodárenia ÚJ. Ilustračné príklady. 
610 2 0 |a podnikatelia 
610 2 0 |a závierka účtovná 
610 2 0 |a jednotka účtovná 
610 2 0 |a účtovníctvo podvojné 
100 1 |a Novotná, Ľudmila